<?xml version="1.0" encoding="UTF-8"?>
<record
    xmlns:xsi="http://www.w3.org/2001/XMLSchema-instance"
    xsi:schemaLocation="http://www.loc.gov/MARC21/slim http://www.loc.gov/standards/marcxml/schema/MARC21slim.xsd"
    xmlns="http://www.loc.gov/MARC21/slim">

  <leader>00812nam a22002297a 4500</leader>
  <controlfield tag="003">OSt</controlfield>
  <controlfield tag="005">20131113110104.0</controlfield>
  <controlfield tag="008">130424s2010    sp ||||| |||| 00| 0 spa d</controlfield>
  <datafield tag="020" ind1=" " ind2=" ">
    <subfield code="a">9788499083117</subfield>
  </datafield>
  <datafield tag="040" ind1=" " ind2=" ">
    <subfield code="c">CDMR</subfield>
  </datafield>
  <datafield tag="100" ind1="1" ind2=" ">
    <subfield code="9">2634</subfield>
    <subfield code="a">Cruz Ruiz, Juan</subfield>
  </datafield>
  <datafield tag="245" ind1="1" ind2="0">
    <subfield code="a">&#xBF; Periodismo ?</subfield>
    <subfield code="b">: vale la pena vivir para este oficio</subfield>
    <subfield code="c">Juan Cruz Ruiz ; pr&#xF3;logo de Javier Moreno</subfield>
  </datafield>
  <datafield tag="260" ind1=" " ind2=" ">
    <subfield code="a">Barcelona</subfield>
    <subfield code="b">Debolsillo</subfield>
    <subfield code="c">2010</subfield>
  </datafield>
  <datafield tag="300" ind1=" " ind2=" ">
    <subfield code="a">251 p.</subfield>
  </datafield>
  <datafield tag="490" ind1="0" ind2=" ">
    <subfield code="a">Cr&#xF3;nica</subfield>
    <subfield code="v">249</subfield>
  </datafield>
  <datafield tag="500" ind1=" " ind2=" ">
    <subfield code="a">Cont&#xE9; les entrevistes publicades a El Pa&#xED;s, entre gener i febrer de 2009, sota el t&#xED;tol de "Maestros del periodismo"</subfield>
  </datafield>
  <datafield tag="650" ind1="0" ind2="4">
    <subfield code="9">2030</subfield>
    <subfield code="a">Periodisme</subfield>
    <subfield code="x">Orientaci&#xF3; professional</subfield>
  </datafield>
  <datafield tag="650" ind1="0" ind2="4">
    <subfield code="9">3782</subfield>
    <subfield code="a">Periodistes</subfield>
    <subfield code="x">Pr&#xE0;ctica professional</subfield>
  </datafield>
  <datafield tag="650" ind1="0" ind2="4">
    <subfield code="9">3075</subfield>
    <subfield code="a">Periodistes</subfield>
    <subfield code="v">Intervius</subfield>
  </datafield>
  <datafield tag="700" ind1="1" ind2=" ">
    <subfield code="9">3254</subfield>
    <subfield code="a">Moreno, Javier</subfield>
  </datafield>
  <datafield tag="942" ind1=" " ind2=" ">
    <subfield code="2">udc</subfield>
    <subfield code="c">MON</subfield>
  </datafield>
  <datafield tag="999" ind1=" " ind2=" ">
    <subfield code="c">6118</subfield>
    <subfield code="d">6118</subfield>
  </datafield>
  <datafield tag="952" ind1=" " ind2=" ">
    <subfield code="0">0</subfield>
    <subfield code="1">0</subfield>
    <subfield code="4">0</subfield>
    <subfield code="7">0</subfield>
    <subfield code="a">CDMR</subfield>
    <subfield code="b">CDMR</subfield>
    <subfield code="d">2013-01-16</subfield>
    <subfield code="l">0</subfield>
    <subfield code="o">Am /5</subfield>
    <subfield code="p">CDMR13046250</subfield>
    <subfield code="r">2013-04-24</subfield>
    <subfield code="w">2013-04-24</subfield>
    <subfield code="y">MON</subfield>
  </datafield>
</record>
